[Event "MPJBiS 2020"]
[Site "?"]
[Date "2020.08.28"]
[Round "8.2"]
[White "Grot, Blazej"]
[Black "Krawczyk, Flawian"]
[Result "1/2-1/2"]
[BlackElo "1728"]
[WhiteElo "1601"]
[LiveChessVersion "1.4.8"]

1. e4 {[%clk 0:15:18]} c5 {[%clk 0:15:19]} 2. Nf3 {[%clk 0:15:26]} d6
{[%clk 0:15:28]} 3. Bb5+ {[%clk 0:15:33]} Bd7 {[%clk 0:15:15]} 4. Bxd7+
{[%clk 0:15:40]} Qxd7 {[%clk 0:15:22]} 5. c4 {[%clk 0:15:48]} g6 {[%clk 0:15:22]}
6. O-O {[%clk 0:15:53]} Bg7 {[%clk 0:15:30]} 7. d4 {[%clk 0:15:28]} cxd4
{[%clk 0:15:11]} 8. Nxd4 {[%clk 0:15:36]} Nf6 {[%clk 0:15:19]} 9. Nc3
{[%clk 0:15:45]} Nc6 {[%clk 0:15:28]} 10. Nxc6 {[%clk 0:13:27]} bxc6
{[%clk 0:15:31]} 11. Be3 {[%clk 0:13:27]} O-O {[%clk 0:15:30]} 12. f3
{[%clk 0:13:23]} Qb7 {[%clk 0:14:42]} 13. b3 {[%clk 0:13:23]} Nd7
{[%clk 0:13:45]} 14. Rc1 {[%clk 0:13:19]} Nc5 {[%clk 0:13:34]} 15. Qd2
{[%clk 0:13:07]} a5 {[%clk 0:13:32]} 16. Rb1 {[%clk 0:12:09]} Qb4
{[%clk 0:12:44]} 17. Bd4 {[%clk 0:11:26]} Rfb8 {[%clk 0:10:00]} 18. Rfd1 Bxd4+
{[%clk 0:08:40]} 19. Qxd4 {[%clk 0:10:08]} Qb6 {[%clk 0:07:35]} 20. Kh1
{[%clk 0:09:26]} Ne6 {[%clk 0:07:11]} 21. Qd2 {[%clk 0:08:34]} Nc5
{[%clk 0:06:35]} 22. Qd4 {[%clk 0:08:30]} f6 {[%clk 0:05:15]} 23. f4
{[%clk 0:07:32]} Ne6 {[%clk 0:05:00]} 24. Qd2 {[%clk 0:07:40]} Qb4
{[%clk 0:03:54]} 25. Qe3 {[%clk 0:06:18]} Nxf4 {[%clk 0:01:46]} 26. Na4
{[%clk 0:05:51]} Ne6 {[%clk 0:01:36]} 27. Rbc1 {[%clk 0:05:59]} Nc5
{[%clk 0:01:29]} 28. Nxc5 {[%clk 0:04:41]} Qxc5 {[%clk 0:01:36]} 29. Qxc5
{[%clk 0:04:50]} dxc5 {[%clk 0:01:45]} 30. Rd7 {[%clk 0:04:58]} Kf7
{[%clk 0:01:49]} 31. Rcd1 {[%clk 0:05:07]} a4 {[%clk 0:01:53]} 32. Rc7
{[%clk 0:04:51]} axb3 {[%clk 0:01:26]} 33. axb3 {[%clk 0:04:53]} Rxb3
{[%clk 0:01:11]} 34. Rxc6 {[%clk 0:05:00]} Ra5 {[%clk 0:00:58]} 35. e5
{[%clk 0:04:33]} fxe5 {[%clk 0:00:53]} 36. Rf1+ {[%clk 0:04:30]} Ke8
{[%clk 0:00:44]} 37. Re6 {[%clk 0:04:39]} Re3 {[%clk 0:00:44]} 38. Rb6
{[%clk 0:04:26]} e4 {[%clk 0:00:28]} 39. Rb8+ {[%clk 0:04:29]} Kd7
{[%clk 0:00:38]} 40. Rb7+ {[%clk 0:04:38]} Ke6 {[%clk 0:00:33]} 41. g3
{[%clk 0:04:39]} Rd3 {[%clk 0:00:19]} 42. Re1 {[%clk 0:04:39]} e3
{[%clk 0:00:27]} 43. Kg2 {[%clk 0:04:40]} Ra2+ {[%clk 0:00:36]} 44. Kf3
{[%clk 0:04:45]} Rc2 {[%clk 0:00:20]} 45. Ke4 {[%clk 0:04:28]} Rd4+
{[%clk 0:00:25]} 46. Kxe3 {[%clk 0:04:35]} Rcxc4 47. Kf3+ {[%clk 0:04:41]} Kd6
{[%clk 0:00:19]} 48. Rexe7 {[%clk 0:04:42]} Rc3+ {[%clk 0:00:26]} 49. Ke2
{[%clk 0:04:48]} Rc2+ {[%clk 0:00:32]} 50. Ke3 {[%clk 0:04:55]} Rxh2
{[%clk 0:00:16]} 51. Red7+ {[%clk 0:05:03]} Ke5 {[%clk 0:00:18]} 52. Rxh7
{[%clk 0:04:44]} Rxh7 {[%clk 0:00:25]} 53. Rxh7 {[%clk 0:04:52]} Rd6
{[%clk 0:00:18]} 54. Rc7 {[%clk 0:04:51]} Kd5 {[%clk 0:00:24]} 55. Kd3
{[%clk 0:04:56]} Rf6 {[%clk 0:00:33]} 56. Ke3 {[%clk 0:04:52]} Kc4
{[%clk 0:00:31]} 57. g4 {[%clk 0:04:56]} Rd6 {[%clk 0:00:37]} 58. Ke4
{[%clk 0:05:02]} Rd4+ {[%clk 0:00:29]} 59. Kf3 {[%clk 0:05:10]} Rd5
{[%clk 0:00:22]} 60. Ke4 {[%clk 0:05:14]} Rd4+ {[%clk 0:00:27]} 61. Kf3
{[%clk 0:05:22]} Kb4 {[%clk 0:00:21]} 62. g5 {[%clk 0:05:21]} c4 {[%clk 0:00:14]}
63. Rb7+ {[%clk 0:05:11]} Kc5 {[%clk 0:00:18]} 64. Rc7+ {[%clk 0:05:14]} Kd6
{[%clk 0:00:25]} 65. Rc8 {[%clk 0:05:21]} Ke5 {[%clk 0:00:26]} 66. Rc5+
{[%clk 0:05:26]} Kd6 {[%clk 0:00:24]} 67. Rc8 {[%clk 0:05:33]} Rd5
{[%clk 0:00:11]} 68. Rxc4 {[%clk 0:05:35]} Rxg5 {[%clk 0:00:20]} 69. Rg4
{[%clk 0:05:38]} Rf5+ {[%clk 0:00:28]} 70. Kg2 {[%clk 0:05:44]} g5
{[%clk 0:00:37]} 71. Ra4 {[%clk 0:05:51]} Ke5 72. Ra1 {[%clk 0:05:59]} Rf4
{[%clk 0:00:51]} 73. Kg1 {[%clk 0:06:07]} Kf5 {[%clk 0:01:00]} 74. Rb1
{[%clk 0:06:16]} Kg4 {[%clk 0:01:07]} 75. Ra1 {[%clk 0:06:24]} Rf3
{[%clk 0:01:12]} 76. Rc1 {[%clk 0:06:31]} Kh3 {[%clk 0:01:15]} 77. Ra1
{[%clk 0:06:40]} Rb3 {[%clk 0:01:21]} 78. Rf1 {[%clk 0:06:48]} g4
{[%clk 0:01:29]} 79. Re1 {[%clk 0:06:57]} Rb2 {[%clk 0:00:57]} 80. Rf1
{[%clk 0:07:01]} Kg3 {[%clk 0:00:38]} 81. Rc1 {[%clk 0:07:09]} Rb3
{[%clk 0:00:33]} 82. Rd1 {[%clk 0:07:17]} Re3 {[%clk 0:00:40]} 83. Rc1
{[%clk 0:07:25]} Kh3 {[%clk 0:00:34]} 84. Ra1 {[%clk 0:07:32]} g3
{[%clk 0:00:35]} 85. Rc1 {[%clk 0:07:41]} Rd3 {[%clk 0:00:23]} 86. Ra1
{[%clk 0:07:49]} Rd2 87. Rc1 {[%clk 0:07:56]} Rg2+ {[%clk 0:00:29]} 88. Kh1
{[%clk 0:08:02]} Rf2 {[%clk 0:00:22]} 89. Kg1 {[%clk 0:08:11]} Rf3
{[%clk 0:00:14]} 90. Ra1 {[%clk 0:08:18]} Rb3 {[%clk 0:00:20]} 91. Rd1
{[%clk 0:08:26]} g2 {[%clk 0:00:21]} 92. Rc1 {[%clk 0:08:33]} Kg3
{[%clk 0:00:16]} 93. Rc3+ {[%clk 0:08:42]} Rxc3 {[%clk 0:00:18]} 1/2-1/2

[Event "MPJBiS 2020"]
[Site "?"]
[Date "2020.08.28"]
[Round "8.3"]
[White "Skrzypinski, Jan"]
[Black "Warchol, Kamil"]
[Result "1/2-1/2"]
[BlackElo "1751"]
[WhiteElo "1519"]
[LiveChessVersion "1.4.8"]

1. e4 {[%clk 0:15:18]} e5 {[%clk 0:15:19]} 2. Nf3 {[%clk 0:15:25]} Nc6
{[%clk 0:15:29]} 3. Bc4 {[%clk 0:15:34]} Bc5 {[%clk 0:15:30]} 4. c3
{[%clk 0:15:42]} Nf6 {[%clk 0:15:37]} 5. d3 {[%clk 0:15:51]} d6 {[%clk 0:15:44]}
6. Bb3 {[%clk 0:15:53]} a6 {[%clk 0:15:45]} 7. Bg5 {[%clk 0:15:57]} h6
{[%clk 0:15:50]} 8. Bh4 {[%clk 0:16:05]} Be6 {[%clk 0:15:57]} 9. Nbd2
{[%clk 0:16:05]} O-O {[%clk 0:16:00]} 10. O-O {[%clk 0:16:07]} Re8
{[%clk 0:15:59]} 11. Bxe6 {[%clk 0:16:13]} fxe6 {[%clk 0:16:03]} 12. Nc4
{[%clk 0:16:21]} b5 {[%clk 0:15:35]} 13. Ne3 {[%clk 0:16:17]} Bxe3
{[%clk 0:13:08]} 14. fxe3 {[%clk 0:16:24]} Rf8 {[%clk 0:13:17]} 15. d4
{[%clk 0:16:26]} exd4 {[%clk 0:13:16]} 16. exd4 {[%clk 0:16:34]} Qe8
{[%clk 0:13:00]} 17. Qc2 {[%clk 0:16:13]} Qg6 {[%clk 0:12:53]} 18. Bxf6
{[%clk 0:16:04]} Rxf6 {[%clk 0:12:23]} 19. Qd3 {[%clk 0:15:11]} Rf4
{[%clk 0:10:53]} 20. d5 {[%clk 0:14:47]} Ne7 {[%clk 0:10:27]} 21. dxe6
{[%clk 0:14:45]} Qxe4 {[%clk 0:10:33]} 22. Qxe4 {[%clk 0:14:52]} Rxe4
{[%clk 0:10:42]} 23. Rae1 {[%clk 0:14:40]} Rxe1 {[%clk 0:10:50]} 24. Rxe1
{[%clk 0:14:48]} Re8 {[%clk 0:10:47]} 25. a4 {[%clk 0:13:30]} Nd5
{[%clk 0:09:35]} 26. axb5 {[%clk 0:13:33]} axb5 {[%clk 0:09:44]} 27. Nd4
{[%clk 0:13:42]} b4 {[%clk 0:09:12]} 28. c4 {[%clk 0:13:37]} Nf4 {[%clk 0:09:07]}
29. g3 {[%clk 0:13:33]} Nd3 {[%clk 0:09:07]} 30. Re2 {[%clk 0:13:30]} Ne5
{[%clk 0:08:42]} 31. c5 {[%clk 0:12:44]} dxc5 {[%clk 0:08:37]} 32. Nb5
{[%clk 0:12:35]} Rxe6 {[%clk 0:08:41]} 33. Nxc7 {[%clk 0:12:43]} Nf3+
{[%clk 0:08:43]} 34. Kf2 {[%clk 0:12:47]} Rxe2+ {[%clk 0:08:12]} 35. Kxe2
{[%clk 0:12:54]} Nxh2 {[%clk 0:07:29]} 36. Na6 {[%clk 0:13:03]} Kf7
{[%clk 0:07:13]} 37. Nxc5 {[%clk 0:13:11]} Ke7 {[%clk 0:07:10]} 38. Nd3
{[%clk 0:13:16]} Ng4 {[%clk 0:07:14]} 39. Nxb4 {[%clk 0:13:25]} Ne5
{[%clk 0:07:10]} 40. Nd5+ {[%clk 0:13:27]} Kd6 {[%clk 0:07:07]} 41. Ne3
{[%clk 0:13:34]} g6 {[%clk 0:07:15]} 42. Kd2 {[%clk 0:13:36]} h5 {[%clk 0:06:59]}
43. Kc3 {[%clk 0:13:39]} g5 {[%clk 0:07:01]} 44. b4 {[%clk 0:13:34]} Nf3
{[%clk 0:05:42]} 45. Kd3 {[%clk 0:13:13]} h4 {[%clk 0:05:33]} 46. Ke4
{[%clk 0:12:39]} Nd2+ {[%clk 0:05:38]} 47. Kd3 {[%clk 0:12:48]} Nf3
{[%clk 0:05:44]} 48. gxh4 {[%clk 0:10:45]} gxh4 {[%clk 0:05:47]} 49. Nf5+
{[%clk 0:10:53]} Kc6 {[%clk 0:05:36]} 50. Nxh4 {[%clk 0:10:56]} 1/2-1/2

[Event "MPJBiS 2020"]
[Site "?"]
[Date "2020.08.28"]
[Round "8.4"]
[White "Raczek, Krzysztof"]
[Black "Komendecki, Antoni"]
[Result "1-0"]
[BlackElo "1528"]
[WhiteElo "1559"]
[LiveChessVersion "1.4.8"]

1. d4 {[%clk 0:15:17]} b5 {[%clk 0:15:12]} 2. e4 {[%clk 0:15:09]} a6
{[%clk 0:14:13]} 3. a4 {[%clk 0:15:04]} b4 {[%clk 0:14:15]} 4. Bc4
{[%clk 0:15:07]} Bb7 {[%clk 0:13:44]} 5. Nf3 {[%clk 0:15:10]} e6 {[%clk 0:13:23]}
6. Qe2 {[%clk 0:15:09]} Be7 {[%clk 0:13:00]} 7. O-O {[%clk 0:15:03]} Nf6
{[%clk 0:12:46]} 8. e5 {[%clk 0:15:09]} Nd5 {[%clk 0:12:07]} 9. c3
{[%clk 0:14:55]} O-O {[%clk 0:11:37]} 10. Bd2 {[%clk 0:14:43]} bxc3
{[%clk 0:10:31]} 11. Nxc3 {[%clk 0:14:47]} Nb6 {[%clk 0:08:04]} 12. Bd3
{[%clk 0:14:24]} f5 {[%clk 0:06:15]} 13. a5 {[%clk 0:13:58]} Nd5 {[%clk 0:05:49]}
14. Bc4 {[%clk 0:13:40]} Nxc3 {[%clk 0:04:49]} 15. bxc3 {[%clk 0:13:42]} c5
{[%clk 0:04:46]} 16. Rfb1 {[%clk 0:12:56]} Qc7 {[%clk 0:04:26]} 17. Rd1
{[%clk 0:09:52]} cxd4 {[%clk 0:03:29]} 18. cxd4 {[%clk 0:09:48]} Bxf3
{[%clk 0:03:17]} 19. Qxf3 {[%clk 0:09:34]} Nc6 {[%clk 0:03:13]} 20. Qd3
{[%clk 0:09:18]} Bb4 {[%clk 0:02:22]} 21. Bf4 {[%clk 0:06:06]} Bxa5
{[%clk 0:01:08]} 22. Qg3 {[%clk 0:05:39]} Bb4 {[%clk 0:00:49]} 23. d5
{[%clk 0:05:37]} Ne7 {[%clk 0:00:44]} 24. Rac1 {[%clk 0:05:33]} Qb6
{[%clk 0:00:39]} 25. dxe6 {[%clk 0:04:53]} dxe6 {[%clk 0:00:48]} 26. Qb3
{[%clk 0:04:34]} Ng6 {[%clk 0:00:43]} 27. Rd6 {[%clk 0:04:26]} Qa5
{[%clk 0:00:37]} 28. Rxe6 {[%clk 0:04:23]} Kh8 {[%clk 0:00:38]} 29. Rxg6
{[%clk 0:04:31]} Bd2 {[%clk 0:00:34]} 30. Bxd2 {[%clk 0:04:26]} Qxd2
{[%clk 0:00:43]} 31. Rd1 {[%clk 0:04:35]} Qf4 {[%clk 0:00:18]} 32. Rg3
{[%clk 0:03:44]} Rab8 {[%clk 0:00:24]} 33. Qa2 {[%clk 0:03:09]} Qxe5
{[%clk 0:00:32]} 34. Qa1 {[%clk 0:02:42]} Qe7 {[%clk 0:00:13]} 35. Re3
{[%clk 0:02:21]} Qc7 {[%clk 0:00:21]} 36. Bf1 {[%clk 0:02:19]} f4
{[%clk 0:00:28]} 37. Rf3 {[%clk 0:02:28]} Rb6 {[%clk 0:00:24]} 38. Qa3
{[%clk 0:02:29]} Rbf6 {[%clk 0:00:23]} 39. Rc1 {[%clk 0:02:27]} Qb7
{[%clk 0:00:27]} 40. h3 {[%clk 0:02:27]} h6 {[%clk 0:00:26]} 41. Qb3
{[%clk 0:02:15]} Rb6 {[%clk 0:00:24]} 42. Qa3 {[%clk 0:02:19]} Rbf6
{[%clk 0:00:32]} 43. Ra1 {[%clk 0:02:08]} Ra8 {[%clk 0:00:40]} 44. Qa5
{[%clk 0:02:10]} Qe4 {[%clk 0:00:28]} 45. Ra4 {[%clk 0:02:04]} Rf5 46. Rxe4
{[%clk 0:02:06]} Rxa5 {[%clk 0:00:21]} 47. Rexf4 {[%clk 0:02:15]} Ra1
{[%clk 0:00:22]} 48. Rf8+ {[%clk 0:02:23]} Rxf8 {[%clk 0:00:31]} 49. Rxf8+
{[%clk 0:02:32]} Kh7 {[%clk 0:00:40]} 50. g3 {[%clk 0:02:38]} a5 {[%clk 0:00:44]}
51. Kg2 {[%clk 0:02:48]} Kg6 {[%clk 0:00:46]} 52. Bd3+ {[%clk 0:02:57]} Kg5
{[%clk 0:00:46]} 53. f4+ {[%clk 0:03:02]} Kh5 {[%clk 0:00:53]} 54. Rf5+
{[%clk 0:03:09]} g5 {[%clk 0:00:58]} 55. fxg5 {[%clk 0:02:52]} hxg5
{[%clk 0:01:07]} 56. h4 {[%clk 0:02:54]} Ra2+ {[%clk 0:00:58]} 57. Kh3
{[%clk 0:02:51]} Kh6 {[%clk 0:00:47]} 58. Rxg5 {[%clk 0:02:52]} a4
{[%clk 0:00:36]} 59. Rg6+ {[%clk 0:03:00]} Kh7 {[%clk 0:00:44]} 60. Ra6+
{[%clk 0:03:07]} Kg7 {[%clk 0:00:51]} 61. Kg4 {[%clk 0:03:08]} a3
{[%clk 0:00:54]} 62. Bc4 {[%clk 0:02:43]} Ra1 {[%clk 0:00:33]} 63. h5
{[%clk 0:02:46]} Rc1 {[%clk 0:00:17]} 64. h6+ {[%clk 0:02:43]} Kh8
{[%clk 0:00:20]} 65. Ra8+ {[%clk 0:02:52]} Kh7 {[%clk 0:00:21]} 66. Bd3+
{[%clk 0:02:47]} Kxh6 {[%clk 0:00:24]} 67. Ra6+ {[%clk 0:02:55]} Kg7
{[%clk 0:00:30]} 68. Rxa3 {[%clk 0:03:02]} Rc5 {[%clk 0:00:31]} 69. Bf5
{[%clk 0:02:59]} Kf6 {[%clk 0:00:32]} 70. Ra6+ {[%clk 0:03:08]} Ke5
{[%clk 0:00:26]} 71. Re6+ {[%clk 0:03:16]} Kd5 {[%clk 0:00:28]} 72. Re2
{[%clk 0:03:24]} Rc3 {[%clk 0:00:31]} 73. Kf4 {[%clk 0:03:27]} Rc4+
{[%clk 0:00:29]} 74. Kg5 {[%clk 0:03:36]} Rc3 {[%clk 0:00:27]} 75. g4
{[%clk 0:03:43]} Kd6 {[%clk 0:00:29]} 76. Kf6 {[%clk 0:03:49]} Rg3
{[%clk 0:00:27]} 77. Rd2+ {[%clk 0:03:57]} Kc5 {[%clk 0:00:36]} 78. g5
{[%clk 0:04:06]} Kc4 {[%clk 0:00:43]} 79. g6 {[%clk 0:04:15]} Kc3
{[%clk 0:00:50]} 80. Rd3+ {[%clk 0:04:23]} Kc4 {[%clk 0:00:49]} 81. Rxg3
{[%clk 0:04:31]} Kd5 {[%clk 0:00:57]} 82. Rd3+ {[%clk 0:04:40]} Kc4
{[%clk 0:01:04]} 83. g7 {[%clk 0:04:48]} Kc5 {[%clk 0:01:12]} 84. g8=Q
{[%clk 0:04:50]} Kb4 {[%clk 0:01:20]} 85. Qb3+ {[%clk 0:04:56]} Kc5
{[%clk 0:01:22]} 86. Qd5+ {[%clk 0:05:03]} Kb6 {[%clk 0:01:27]} 87. Rb3+
{[%clk 0:05:12]} Kc7 {[%clk 0:01:30]} 88. Rb7# 1-0

[Event "MPJBiS 2020"]
[Site "?"]
[Date "2020.08.28"]
[Round "8.5"]
[White "Bochniak, Franciszek"]
[Black "Merecki, Antoni"]
[Result "1-0"]
[BlackElo "1425"]
[WhiteElo "1719"]
[LiveChessVersion "1.4.8"]

1. d4 Nf6 2. c4 e5 3. dxe5 Ng4 4. e4 Nxe5 5. f4 Nec6 6. Nf3 Bc5 7. Nc3 Qe7 8. a3
a5 9. Bd3 d6 10. Nd5 Qd8 11. Bd2 Be6 12. Qe2 O-O 13. Bc3 Bg4 14. O-O-O Bd4 15.
Bxd4 Nxd4 16. Qf2 Nb3+ 17. Kb1 Na6 18. h3 Bd7 19. f5 f6 20. g4 Nac5 21. Bc2 c6
22. Nc3 Qc7 23. Qg3 Rfb8 24. Qxd6 Qxd6 25. Rxd6 a4 26. Rhd1 Be8 27. e5 fxe5 28.
Nxe5 b5 29. cxb5 cxb5 30. Nd5 Bf7 31. Nb6 1-0

[Event "MPJBiS 2020"]
[Site "?"]
[Date "2020.08.28"]
[Round "8.6"]
[White "Sniadecki, Oskar"]
[Black "Ptaszynski, Szymon"]
[Result "1/2-1/2"]
[BlackElo "1468"]
[WhiteElo "1569"]
[LiveChessVersion "1.4.8"]

1. d4 {[%clk 0:15:19]} Nf6 {[%clk 0:15:17]} 2. Bg5 {[%clk 0:15:28]} e6
{[%clk 0:15:25]} 3. e3 {[%clk 0:15:36]} Be7 {[%clk 0:15:33]} 4. Bd3
{[%clk 0:15:45]} d5 {[%clk 0:15:35]} 5. Nf3 {[%clk 0:15:51]} b6 {[%clk 0:15:39]}
6. Nbd2 {[%clk 0:15:54]} Bb7 {[%clk 0:15:47]} 7. Ne5 {[%clk 0:15:58]} O-O
{[%clk 0:15:21]} 8. O-O {[%clk 0:15:57]} Nbd7 {[%clk 0:15:27]} 9. f4
{[%clk 0:16:00]} Ne4 {[%clk 0:15:13]} 10. Bxe7 {[%clk 0:14:53]} Qxe7
{[%clk 0:15:21]} 11. Ndf3 {[%clk 0:14:51]} c5 {[%clk 0:14:16]} 12. c3
{[%clk 0:14:54]} cxd4 {[%clk 0:14:10]} 13. exd4 {[%clk 0:15:00]} Ndf6
{[%clk 0:12:46]} 14. Ng5 {[%clk 0:14:20]} h6 {[%clk 0:12:40]} 15. Nxe4
{[%clk 0:14:27]} Nxe4 {[%clk 0:12:45]} 16. f5 {[%clk 0:14:29]} Qg5
{[%clk 0:10:40]} 17. Bxe4 {[%clk 0:13:33]} dxe4 {[%clk 0:10:43]} 18. f6
{[%clk 0:13:42]} g6 {[%clk 0:09:04]} 19. Qe2 {[%clk 0:12:38]} h5 {[%clk 0:07:17]}
20. a4 {[%clk 0:10:26]} a5 {[%clk 0:03:34]} 21. b4 {[%clk 0:09:39]} Rfd8
{[%clk 0:03:01]} 22. b5 {[%clk 0:09:39]} Rac8 {[%clk 0:03:06]} 23. Ra3
{[%clk 0:09:26]} Ba8 {[%clk 0:02:30]} 24. g3 {[%clk 0:08:10]} Qh6
{[%clk 0:02:30]} 25. Qf2 {[%clk 0:08:04]} Qf8 {[%clk 0:02:17]} 26. Qb2
{[%clk 0:08:12]} Qd6 {[%clk 0:02:23]} 27. Rd1 {[%clk 0:08:14]} Bd5
{[%clk 0:02:01]} 28. Raa1 {[%clk 0:08:11]} Rc7 {[%clk 0:01:23]} 29. Rac1
{[%clk 0:08:17]} Rdc8 {[%clk 0:01:26]} 30. Rc2 {[%clk 0:07:28]} Qd8
{[%clk 0:01:17]} 31. Rf1 {[%clk 0:07:07]} Qd6 {[%clk 0:01:20]} 32. Qc1
{[%clk 0:07:04]} Kh7 {[%clk 0:00:58]} 33. Nxf7 {[%clk 0:06:58]} Rxf7
{[%clk 0:01:06]} 34. c4 {[%clk 0:07:07]} Bb7 {[%clk 0:01:06]} 35. Qe3
{[%clk 0:07:07]} Rd8 {[%clk 0:01:06]} 36. Rd2 {[%clk 0:07:03]} Rc8
{[%clk 0:01:05]} 37. Rc1 {[%clk 0:07:05]} Rxf6 {[%clk 0:00:56]} 38. c5
{[%clk 0:07:15]} bxc5 {[%clk 0:00:49]} 39. dxc5 {[%clk 0:07:22]} Qf8
{[%clk 0:00:43]} 40. Rd7+ {[%clk 0:07:12]} Rf7 {[%clk 0:00:51]} 41. Rcd1
{[%clk 0:07:22]} Rc7 {[%clk 0:00:52]} 42. Rxc7 {[%clk 0:04:55]} Rxc7
{[%clk 0:01:00]} 43. c6 {[%clk 0:04:56]} Bxc6 44. bxc6 {[%clk 0:05:02]} Rxc6
{[%clk 0:00:27]} 45. Qxe4 {[%clk 0:04:43]} Rc7 {[%clk 0:00:35]} 46. Qxe6
{[%clk 0:04:42]} Qc5+ {[%clk 0:00:31]} 47. Kh1 {[%clk 0:04:36]} Qc6+
{[%clk 0:00:33]} 48. Qxc6 {[%clk 0:04:45]} Rxc6 {[%clk 0:00:42]} 49. Rd7+
{[%clk 0:04:55]} Kh6 {[%clk 0:00:47]} 50. Rd5 {[%clk 0:05:04]} Rc1+
{[%clk 0:00:28]} 51. Kg2 {[%clk 0:05:13]} Rc2+ {[%clk 0:00:37]} 52. Kh3
{[%clk 0:05:22]} g5 {[%clk 0:00:40]} 53. Rd6+ {[%clk 0:05:09]} Kg7
{[%clk 0:00:47]} 54. Rd5 {[%clk 0:05:11]} Kg6 {[%clk 0:00:49]} 55. Kg2
{[%clk 0:05:08]} 1/2-1/2

[Event "MPJBiS 2020"]
[Site "?"]
[Date "2020.08.28"]
[Round "8.7"]
[White "Rosa, Antoni"]
[Black "Zieba, Hubert"]
[Result "1/2-1/2"]
[BlackElo "1448"]
[WhiteElo "1506"]
[LiveChessVersion "1.4.8"]

1. c4 c5 2. Nc3 Nc6 3. g3 g6 4. Bg2 Bg7 5. b3 e6 6. Bb2 Nge7 7. e3 O-O 8. Nge2 d5
9. cxd5 exd5 10. O-O Be6 11. d4 cxd4 12. exd4 Qd7 13. Ba3 Rac8 14. Re1 Rfe8 15.
Rc1 Nf5 16. Nf4 Nfxd4 17. Ncxd5 Bxd5 18. Nxd5 Rxe1+ 19. Qxe1 Re8 20. Ne3 Nb5 21.
Bxc6 bxc6 22. Bc5 Qc7 23. a4 Nd4 24. Bxd4 Bxd4 25. Qd2 Bxe3 26. fxe3 Qb6 27. Rc3
Rd8 1/2-1/2

[Event "MPJBiS 2020"]
[Site "?"]
[Date "2020.08.28"]
[Round "8.8"]
[White "Maj, Samuel"]
[Black "Musial, Igor"]
[Result "1/2-1/2"]
[BlackElo "1613"]
[WhiteElo "1347"]
[LiveChessVersion "1.4.8"]

1. d4 d5 2. c4 {[%clk 0:15:27]} e6 {[%clk 0:15:29]} 3. Nf3 {[%clk 0:15:35]} Nf6
{[%clk 0:15:37]} 4. g3 {[%clk 0:15:42]} dxc4 {[%clk 0:15:46]} 5. Bg2 a6 6. Ne5
{[%clk 0:15:34]} Bb4+ {[%clk 0:15:50]} 7. Nc3 {[%clk 0:15:36]} Nd5
{[%clk 0:15:59]} 8. Bd2 {[%clk 0:14:42]} b5 {[%clk 0:11:51]} 9. O-O
{[%clk 0:13:22]} Bxc3 {[%clk 0:09:08]} 10. bxc3 {[%clk 0:11:56]} Bb7
{[%clk 0:07:34]} 11. Qb1 {[%clk 0:09:55]} Nd7 {[%clk 0:03:05]} 12. Nxc4
{[%clk 0:07:48]} Nxc3 {[%clk 0:03:14]} 13. Bxc3 {[%clk 0:07:56]} Bxg2 14. Kxg2
{[%clk 0:08:02]} bxc4 {[%clk 0:03:24]} 15. Qb4 {[%clk 0:07:04]} Nb6
{[%clk 0:02:34]} 16. a4 {[%clk 0:05:04]} Qd6 {[%clk 0:01:30]} 17. e4
{[%clk 0:04:17]} Qxb4 {[%clk 0:00:27]} 18. Bxb4 {[%clk 0:04:26]} a5
{[%clk 0:00:36]} 19. Bc5 {[%clk 0:04:00]} Rc8 {[%clk 0:00:24]} 20. Rfb1
{[%clk 0:03:09]} Nd7 {[%clk 0:00:19]} 21. Rb5 {[%clk 0:02:59]} Ra8
{[%clk 0:00:16]} 22. Rc1 {[%clk 0:02:47]} Nxc5 {[%clk 0:00:25]} 23. Rxc5
{[%clk 0:02:53]} Kd7 {[%clk 0:00:33]} 24. R1xc4 {[%clk 0:02:54]} Ra7
{[%clk 0:00:41]} 25. Rb5 {[%clk 0:02:29]} Rha8 {[%clk 0:00:16]} 26. Kf3
{[%clk 0:02:26]} Ra6 {[%clk 0:00:16]} 27. Rcc5 {[%clk 0:01:49]} R8a7
{[%clk 0:00:21]} 28. d5 {[%clk 0:01:30]} c6 {[%clk 0:00:13]} 29. dxc6+
{[%clk 0:01:15]} Rxc6 {[%clk 0:00:22]} 30. Rxa5 {[%clk 0:01:23]} Rxa5
{[%clk 0:00:15]} 31. Rxa5 {[%clk 0:01:31]} Rc3+ {[%clk 0:00:23]} 32. Kf4
{[%clk 0:01:02]} Rc2 {[%clk 0:00:33]} 33. Ra7+ {[%clk 0:01:05]} Ke8
{[%clk 0:00:41]} 34. Kf3 {[%clk 0:01:08]} Rc3+ {[%clk 0:00:50]} 35. Kg2
{[%clk 0:01:13]} Rc2 {[%clk 0:00:52]} 36. a5 {[%clk 0:01:15]} Ra2
{[%clk 0:00:35]} 37. a6 {[%clk 0:01:22]} Ra3 {[%clk 0:00:23]} 38. h3
{[%clk 0:01:17]} g6 {[%clk 0:00:24]} 39. g4 {[%clk 0:00:42]} f5 {[%clk 0:00:16]}
40. exf5 {[%clk 0:00:34]} exf5 41. Rxh7 {[%clk 0:00:29]} Rxa6 {[%clk 0:00:34]}
42. Kg3 {[%clk 0:00:25]} fxg4 {[%clk 0:00:21]} 43. hxg4 {[%clk 0:00:34]} g5
{[%clk 0:00:27]} 44. Rg7 {[%clk 0:00:31]} Ra5 {[%clk 0:00:36]} 45. Kf3
{[%clk 0:00:33]} Kf8 {[%clk 0:00:45]} 46. Rb7 {[%clk 0:00:40]} Re5
{[%clk 0:00:35]} 47. Rd7 {[%clk 0:00:21]} Kg8 {[%clk 0:00:24]} 48. Kg3
{[%clk 0:00:21]} Kf8 {[%clk 0:00:26]} 49. Rh7 {[%clk 0:00:18]} Kg8
{[%clk 0:00:26]} 50. Ra7 {[%clk 0:00:18]} Kf8 {[%clk 0:00:31]} 51. Rb7
{[%clk 0:00:15]} Kg8 {[%clk 0:00:38]} 52. Kg2 {[%clk 0:00:16]} Ra5
{[%clk 0:00:16]} 53. Rc7 {[%clk 0:00:14]} Kf8 {[%clk 0:00:16]} 54. Rh7
{[%clk 0:00:23]} Re5 {[%clk 0:00:21]} 55. Rh5 {[%clk 0:00:25]} Kf7
{[%clk 0:00:15]} 56. f4 {[%clk 0:00:18]} Re4 {[%clk 0:00:21]} 57. Rxg5
{[%clk 0:00:21]} Rxf4 {[%clk 0:00:30]} 58. Kg3 {[%clk 0:00:30]} Ra4
{[%clk 0:00:35]} 59. Rf5+ {[%clk 0:00:32]} Kg6 {[%clk 0:00:42]} 60. Rb5
{[%clk 0:00:33]} Ra1 {[%clk 0:00:42]} 61. Rc5 {[%clk 0:00:27]} Rg1+
{[%clk 0:00:48]} 62. Kf3 {[%clk 0:00:30]} Rf1+ {[%clk 0:00:56]} 63. Kg2
{[%clk 0:00:33]} Ra1 {[%clk 0:01:04]} 64. Kh2 {[%clk 0:00:27]} Ra3
{[%clk 0:01:13]} 1/2-1/2

[Event "MPJBiS 2020"]
[Site "?"]
[Date "2020.08.28"]
[Round "8.9"]
[White "Zielonka, Adam"]
[Black "Golebiowski, Piotr"]
[Result "1-0"]
[BlackElo "1270"]
[WhiteElo "1609"]
[LiveChessVersion "1.4.8"]

1. Nf3 {[%clk 0:15:14]} d5 {[%clk 0:15:16]} 2. c4 {[%clk 0:15:21]} c6
{[%clk 0:15:19]} 3. cxd5 {[%clk 0:15:21]} cxd5 {[%clk 0:15:24]} 4. d4
{[%clk 0:15:29]} Nf6 {[%clk 0:15:27]} 5. Nc3 {[%clk 0:15:32]} e6 {[%clk 0:15:33]}
6. Bf4 {[%clk 0:15:29]} Bd6 {[%clk 0:15:35]} 7. Bxd6 {[%clk 0:15:27]} Qxd6
{[%clk 0:15:40]} 8. e3 {[%clk 0:15:35]} O-O {[%clk 0:15:43]} 9. Bd3
{[%clk 0:15:37]} Nc6 {[%clk 0:15:28]} 10. a3 {[%clk 0:15:38]} a6 {[%clk 0:15:13]}
11. O-O {[%clk 0:15:41]} b5 {[%clk 0:14:41]} 12. Rc1 {[%clk 0:15:26]} Bb7
{[%clk 0:14:29]} 13. Qe2 {[%clk 0:13:39]} Na5 {[%clk 0:13:04]} 14. Ne5
{[%clk 0:13:36]} Nc4 {[%clk 0:12:33]} 15. f4 {[%clk 0:13:41]} Nd7
{[%clk 0:11:46]} 16. Rf3 {[%clk 0:07:53]} Rfd8 {[%clk 0:10:23]} 17. Bxh7+
{[%clk 0:07:31]} Kxh7 {[%clk 0:10:20]} 18. Rh3+ {[%clk 0:07:39]} Kg8
{[%clk 0:10:11]} 19. Qh5 {[%clk 0:07:46]} Kf8 {[%clk 0:09:45]} 20. Qxf7#
{[%clk 0:07:53]} 1-0